00809pam a2200205 a 45000010008000000030008000080050017000160080041000330100017000740200039000910400027001300500024001570820020001811000036002012450228002372600050004653000028005156500038005437000022005813452530BD-DhUL20170423150539.0920221s1992 nyu 000 0 eng  a 92053556  a0452267765 :c$10.00 ($12.99 Can.) aDLCcDLCdDLCdBD-DhUL00aPN1997b.R2259 199200a812.54220bHAR1 aHansberry, Lorrained1930-1965.12aA raisin in the sun :bthe unfilmed original screenplay /cLorraine Hansberry ; edited by Robert Nemiroff ; foreword by Jewell Handy Gresham-Nemiroff ; introduction by Margaret B. Wilkerson ; with a commentary by Spike Lee. aNew York, N.Y., U.S.A. :bPlume Book,cc1992. axlvii, 206 p. ;c21 cm. 0aAfrican American familiesvDrama.1 aNemiroff, Robert.